| 000 | 02544nam a2200349 i 4500 | ||
|---|---|---|---|
| 003 | DO-SdBNP | ||
| 005 | 20250613141218.0 | ||
| 007 | ta | ||
| 008 | 250613b2024 dr ||||| |||| 00| 0 spa d | ||
| 020 | _a9789945947854 | ||
| 040 |
_aDO-SdBNP _bspa _cBNPHU _erda |
||
| 041 |
_aspa _aeng |
||
| 082 | 4 |
_axxx _bM878a 2024 _222 |
|
| 100 | 1 |
_aMorrison, Mateo, _d1947- _eautor _4aut. _91469 |
|
| 245 | 1 | 0 |
_aAnniversary of = Anniversary of pain : _bselection of poems = Aniversario del dolor : selección de poemas / _cMateo Morrison ; traducción por Mariela Shaw ; diseño de portada y diagramación ; Carmen Fortunato ; edición y corrección, Rafael J. Rodríguez Pérez ; prólogo, Rosemary Mealy. |
| 246 | 1 | 3 | _aAnniversary of pain |
| 250 | _aSegunda edición | ||
| 264 | 4 |
_aSanto Domingo, República Dominicana : _bRio de Oro Editores, _bGrupo Cultural Orientación, _c©2024. |
|
| 300 |
_a75 páginas : _c22 cm. |
||
| 336 |
_atexto _btxt _2rdacontent |
||
| 337 |
_asin mediación _bn _2rdamedia |
||
| 338 |
_avolumen _bnc _2rdacarrier |
||
| 490 | 0 | _aColección Cierva Blanca | |
| 505 | _aForeword, 8.-- Prólogo, 14.-- Anniversary of pain, 20.-- Aniversario del dolor, 21.-- The land (earth rebels), 22.-- La tierra rebelada, 23.-- Hope-a mother, 24.-- Madre-la esperanza, 25.-- The city-after the war, 26.-- La ciudad post-guerra, 27.-- Identification, 28.-- Identificación, 29.-- Not only men, 30.-- No solo hombres, 31.-- These children, 32.-- Estos niños, 33.-- Song before hate, 34.-- Canción antes del odio, 35.-- Elegy or parable?, 36.-- ¿Elegía o parábola?, 37.-- In the beginning, 38.-- En principio, 39.-- Odes to Nelson Alejandro, 40.-- Odas a Nelson Alejandro, 41.-- Ode to welcoming a child of the people, 42.-- Odas para recibir a un niño del pueblo, 43.-- Second ode, 44.-- Segunda oda, 45.-- Nelson and the four elements, 46.-- Nelson y los cuatro elementos, 47.-- I intend to overthrow the sea, 48.-- Intento destronar el mar, 49.-- Poem of undeserved pain, 50.-- Poema del dolor no merecido, 51.-- Poems of the darkest time, 52.-- Poemas de los tiempos sombríos, 53.-- Biographical summary of Mateo Morrison, 54.-- Síntesis de la biografía de Mateo Morrison, 64.-- Mariela Shaw, 74. | ||
| 590 | _aInventariado, 2025 /LP | ||
| 700 | 1 |
_aShaw, Mariela, _etraductor _4tr. _954884 |
|
| 700 | 1 |
_aCarmen Fortunato, _ediseño _4di _988107 |
|
| 700 | 1 |
_aRodríguez Pérez, Rafael J. _eeditor y corrector _4ed. _4corr. _943373 |
|
| 700 | 1 |
_aMealy, Rosemary, _eprologuista _4pr. _988108 |
|
| 910 | _aLP | ||
| 942 |
_2ddc _cLBS1 |
||
| 999 |
_c58640 _d58640 |
||